| 000 | 01291nam a2200241Ia 4500 | ||
|---|---|---|---|
| 003 | Ost | ||
| 005 | 20260507075456.0 | ||
| 008 | 260507s9999||||xx |||||||||||||| ||und|| | ||
| 020 | _a9957121030 | ||
| 040 | _cfsecg | ||
| 041 | _aara | ||
| 082 | _a658.8 | ||
| 100 |
_aالعلاق، بشير _eمؤلف |
||
| 245 | 0 |
_aالتخطيط التسويقي : _bمفاهيم وتطبيقات / _c بشير العلاق |
|
| 260 |
_aعمان: _bدار اليازوري, _c2008 |
||
| 300 |
_a288 صفحة؛ _bإيضاحات ؛ _c24 سم |
||
| 504 | _aبيبليوغرافيا 283ص. | ||
| 520 | _aيتناول هذا الكتاب الفصول التالية : مدخل الى التخطيط التسويقي -التحليل الخارجي -التحايا الداخلي -تحليل مكامن القوة والضعف والفرص والتهديدات -استراتيجية المنتج -التنبؤ بالبيعات والاستراتيجية -تنفيذ الاستراتيجية -الاتصالات ودورها في تنفيذ الاستراتيجية -بحوث التسويق -التنفيذ والرقابة -كتابة الخطة. | ||
| 653 | _aاستراتجية التسويق ، التخطيط | ||
| 653 | _aالتسويق | ||
| 653 | _aبحوث التسويق | ||
| 942 | _cكتاب | ||
| 999 |
_c44669 _d44669 |
||